The chemistry of the atmosphere : its impact on global change : perspectives and recommendations
Saved in:
| Corporate Authors: | , |
|---|---|
| Other Authors: | , , |
| Format: | Conference Proceeding Book |
| Language: | English |
| Published: |
Washington :
American Chemical Society,
1993
|
| Subjects: | |
| Tags: |
Add Tag
No Tags, Be the first to tag this record!
|
MARC
| LEADER | 00000nam a2200000 i 4500 | ||
|---|---|---|---|
| 001 | 1/12319 | ||
| 008 | 980224s1993 eng d | ||
| 020 | |a 0-8412-2533-8 | ||
| 035 | |1 ΠΑΡ |a 1997 |l 10018582 | ||
| 040 | |a GR-MY-UA |b gre |e aacr | ||
| 041 | 0 | |a eng | |
| 082 | 0 | |a 551.511 | |
| 111 | 2 | |a International Conference on the Chemistry of the Atmosphere |d (1991 |c : Baltimore) | |
| 245 | 1 | 4 | |a The chemistry of the atmosphere : |b its impact on global change : perspectives and recommendations / |c Editor John W. Birks, Jack G. Calvert, Robert E. Sievers |
| 260 | |a Washington : |b American Chemical Society, |c 1993 | ||
| 300 | |a 170 p.; |b diagr.; tables; |c 24 cm. | ||
| 500 | |a Plenary lectures and recommendations from the International Conference on the Chemistry of the Atmospere, Baltimore, Maryland, December 2-6, 1991 | ||
| 504 | |a Includes bibliographical references and index | ||
| 650 | 0 | 0 | |a Atmospheric chemistry |x Environmental aspects |x Congresses. |
| 650 | 0 | 0 | |a Climatic changes |x Environmental aspects |x Congresses. |
| 700 | 1 | |a Birks, John W. |4 edt | |
| 700 | 1 | |a Calvert, Jack G. |q (Jack George) |d 1923- |4 edt | |
| 700 | 1 | |a Sievers, Robert E. |4 edt | |
| 710 | 2 | |a American Chemical Society. | |
| 852 | |a INST |b LESVOS |e 19980224 |h 551.511 CHE |p 005100017072 |q 005100017072 |t BK |y 0 | ||
| 909 | |a Λ |b 053921 | ||
| 922 | |a 1ΕΛΗ |b 199802 |c ΧΑΡΑΛΑΜΠΟΠΟΥΛΟΣ | ||
| 950 | |a 150-1996-07-16 | ||